| 000 | 01151nam a2200253 a 4500 | ||
|---|---|---|---|
| 001 | 65585 | ||
| 003 | BD-RjUL | ||
| 005 | 20211209081437.0 | ||
| 008 | 170308s1982 ii a|||| |||| 001 0 ben d | ||
| 035 | _a(BD-RjUL)65715 | ||
| 040 |
_aBD-RjUL _bben _cBD-RjUL _dBD-RjUL |
||
| 041 | _aben | ||
| 082 |
_223 _a657 _bBHH 1982 |
||
| 100 |
_aভট্রাচার্য, সুধাংশুশেখর _9194053 |
||
| 245 | 1 | 0 |
_aহিসাবশাস্ত্র = [Accountancy] / _cসুধাংশুশেখর ভট্রাচার্য |
| 250 | _a৩য় সং. (পরিমা. ও পরিব.) | ||
| 260 |
_aকলিকাতা : _bইন্ডিয়ান প্রোগ্রেসিভ পাবলিশিং কোং. প্রা. লি., _c১৯৮২. |
||
| 300 |
_aখণ্ড. : _bচিত্র ; _c২৪ সেমি. |
||
| 500 | _aনির্ঘন্ট সংযুক্ত | ||
| 505 | _aখণ্ড.-১ -- (Compulsory Accountancy).-- খণ্ড.-২--(Advanced Accountancy ). | ||
| 650 |
_aহিসাববিজ্ঞান _9184342 |
||
| 650 |
_aAccounting _9175106 |
||
| 942 |
_2ddc _cBK |
||
| 999 |
_c65585 _d65585 |
||